Дело о рассмотрении составленного действительным статским советником Михельсоном перевода стихотворений Кольцова

Доступно только в Электронных читальных залах Найти на картеНа карте
RUSMARC
00003753nmc2a22000003x 450
001b28e7d4d-17ac-4d98-9f35-1c4443f738df
00520180621131127.0
100##$a20160328l18891891k l0rusy0189 ca
1010#$arus
102##$aRU
2001#$aДело о рассмотрении составленного действительным статским советником Михельсоном перевода стихотворений Кольцова
$j20 декабря 1889 г. - 7 января 1891 г.
251##$cДело
300##$aДело
801#0$aRU
$bРГИА
$c20160328
$gRCR
801#1$aRU
$bГлавНИВЦ
$c20160328
$2rusmarc
801#2$aRU
$bПБ им. Б.Н. Ельцина
$c20180621
$gRCR
$2rusmarc
850##$aРГИА
852##$aРГИА
$eФедеральное казенное учреждение "Российский государственный исторический архив" (РГИА)
$j1103
937##$hРГИА
$d12193323
$aASBIBLIO_SCAN
462#0$1001bddc07d4-03e3-4f2f-a715-f0b0b4a2fdca
$12001
$aДела по ученым учреждениям Департамента народного просвещения за 1863-1895 гг.
$1251
$cОпись
$1852
$j142
461#0$1001a74412a3-3cc5-4d21-8f0a-dfe2fbd9e72d
$12001
$aДепартамент народного просвещения Министерства народного просвещения (1803-1917)
$1251
$cФонд
$1852
$j733
215##$a55 л.
$d36,5х26 см
371##$aДокумент не является опубликованным и широко распространяемым
105##$ay###
1222#$ad
035##$ab28e7d4d-17ac-4d98-9f35-1c4443f738df
856##$uhttp://readingroom.main.prlib.ru/item.aspx?id_node=n116343437&mode=full
Формат отображения